Country Tripoints that are further North or South than their 3 corresponding Capitals - Statistics

General Stats
  • This quiz has been taken 29 times
  • The average score is 37 of 45
Answer Stats
COUNTRY % Correct
Afghanistan
95%
China
95%
India (W)
95%
Russia
95%
Bolivia
91%
Brazil
91%
Finland
91%
Finland
91%
Iran
91%
Norway
91%
Norway
91%
Peru
91%
Sweden
91%
Burma
86%
Cameroon
86%
Chad
86%
Chad
86%
Mali
86%
Niger
86%
Niger
86%
Pakistan
86%
Belgium
82%
Bhutan
82%
Burkina Faso
82%
CAR
82%
DR Congo
82%
Germany
82%
Netherlands
82%
Nigeria
82%
Nigeria
82%
Thailand
82%
Algeria
77%
Laos
77%
Libya
77%
South Sudan
77%
Tunisia
77%
Turkey
73%
Armenia
68%
Azerbaijan
68%
Mozambique
68%
South Africa
68%
Swaziland (S)
68%
Oman
59%
UAE
59%
Saudi Arabia
55%
No matching quizzes found
Score Distribution
Percent of People with Each Score
Percentile by Number Answered
Your Score History
You have not taken this quiz